MDQL
is popping MORE tags! Check the
thread
!
Quizzes
Events
Quiz Creation
Community
Videos
Private Events
Remove Ads
Sign In
Join for FREE
Feedback
Dark Mode
Quiz Categories
Sports
Geography
Music
Movies
Television
Just For Fun
Miscellaneous
History
Literature
Language
Science
Gaming
Entertainment
Religion
Holiday
For Kids
Quiz Lab
Recent
Popular Today
Quiz Kudos Today
Editor Picks
Curator Picks
Quizzes by...
Day
Popularity
Type
Ratings
Length
Year
Community
Subscriptions
Recent Discussions
Orange Saloon
Badges
Playlists
Quests
Create
Leaderboards
Showdown
Live 5
Trivia Bingo
Activity
Puzzle Library
Sporcle Events
Private Events
Virtual Trivia
Globe League
Become a Host
Pub Owners
SporcleCon
Opinionation
Our Games
Videos
Blog
Mobile Apps
Partnerships
Remove Ads and Go Orange
Feedback
Music
Pop Music
The Beatles
Song
Album
Lyrics
Bands
Singers
Artist
Clip
Rock
Rap
Classical
Billboard
Country Music
Kpop
Taylor Swift
Music
Pop Music
The Beatles
Song
Album
Lyrics
Bands
Singers
Artist
Clip
Rock
Rap
Classical
Billboard
Country Music
Kpop
Taylor Swift
Random Quiz
Search Sporcle
×
Quiz Lab
Quiz Lab
Music
Lyrics
Type in answers that appear in a list
Type in answers that appear in a list
Classic
Best Score? Go Orange.
Fall Out Boy Lyrics Stats
Can you name the Fall Out Boy Lyrics
By
caseymcdonald18
20m
40 Questions
435 Plays
435 Plays
435 Plays
Comments
Comments
Give Quiz Kudos
Give Quiz Kudos
-
- Ratings
hide this ad
More Info
Replay
Link that replays current quiz
Next Quiz
Link to next quiz in quiz playlist
You Got
0%
They Got
Avg Score
57%
Avg Friend Score
Upgrade to see
Score Distribution
Jump to the score distribution portion of the page
Score
0/40
Timer
20:00
0
Plays Today
Lyrics
Song Title
% Correct
'Say a prayer but let the good times roll in case God doesn't show.'
Thnks fr th Mmrs
84.4%
'The best of us can find happiness in misery.'
I Don't Care
83.2%
'We're always sleeping in and sleeping for the wrong team.'
Sugar, We're Going Down
80.2%
''In a world full of the word 'yes', I'm here to scream...'
Save Rock and Roll
78.6%
'I thought of angels choking on their halos.'
Just One Yesterday
77.5%
'The person that you'd take a bullet for is behind the trigger.'
Miss Missing You
72.6%
'I'm a leading man and the lies I weave are oh so intricate.'
This Ain't a Scene, It's an Arms Race
72.4%
'I don't blame you for being you, but you can't blame me for hating it.'
A Little Less Sixteen Candles, A Little More Touch Me
71.7%
'My old aches become new again, my old friends become exes again.'
Where Did the Party Go
70.1%
'But I must confess, I'm in love with my own sins.'
America's Suitehearts
69.7%
'Don't let the doctor in, I wanna blow off steam.'
20 Dollar Nose Bleed
68.5%
'I thought I loved you, it was just how you looked in the light.'
Hum Hallelujah
67.1%
'So boycott love, detox just to retox.'
Disloyal Order of Water Buffaloes
66.2%
'I don't want to forget how your voice sounds.'
Dance, Dance
66.2%
'Wouldn't you rather be a widow than a divorcee?'
The Take Over, The Break's Over
65.7%
'I could be an accident but I'm still trying. That's more than I can say for him.'
Grand Theft Autumn
64.6%
'Does your husband know the way that the sunshine gleams on your wedding band?'
Headfirst Slide Into Cooperstown on a Bad Bet
63.9%
'My mind is a safe, and if we keep it then we all get rich.'
27
62.8%
'Don't come home for Christmas. You're the last thing I wanna see underneath the tree.'
Yule Shoot Your Eye Out
59.5%
'I wanna scream 'I love you' from the top of my lungs.'
The Shipped Gold Standard
58.6%
Lyrics
Song Title
% Correct
'Last year's wishes are this year's apologies
I'm Like A Lawyer With The Way I'm Always Trying To Get You Off
58.4%
'Keep quiet, nothing comes as easy as you.'
Nobody Puts Baby in the Corner
55.6%
'Girl, you might hold your breath until your breathing stops forever.'
Chicago is So Two Years Ago
54.9%
'Tonight, it's just fire alarms and losing you.'
Death Valley
54.5%
'Your crooked love is just a pyramid scheme, and I'm dizzy on dreams.'
The Mighty Fall
52.9%
'I'm coasting on potential towards a wall at a hundred miles an hour.'
Saturday
50.3%
'And everyone's looking for relief, United Sates vs. Disbelief.'
You're Crashing But You're No Wave
49%
'Tonight the headphones will deliver you the words that I can't say.'
Homesick at Space Camp
46.7%
'A rivalry goes so deep between me and this loss of sleep over you.'
Dead on Arrival
45.3%
'There's a world outside of my front door that gets off on being down.'
Don't You Know Who I Think I Am?
45.3%
'You only hold me up like this cause you don't know who I really am.'
Of All the Gin Joints in All the World
44.8%
'I'll be stuck fixated on one star when the world is crashing down.'
7 Minutes in Heaven
44.8%
'With your backless black dress soaked to the skin, when it's said and done they're all scrambling.'
Champagne for My Real Friends, Real Pain for My Sham Friends
44.1%
'And the record won't stop skipping, and the lies just won't stop slipping.'
I've Got a Dark Alley and A Bad Idea That Says You Should Shut Your Mouth
44.1%
'And we might've started singing just a little soon...'
The Carpal Tunnel of Love
43.4%
'So bury me in memory, his smiles's your rope...'
Tell That Mick He Just Made My List of Things to Do Today
42.3%
'What you do on your own time's just fine.'
Calm Before the Storm
36.8%
'Every friend we ever had in common, I will sever the ties with you.'
Sending Postcards from a Plane Crash
33.8%
'They got us surrounded; we're in their sights, but they're not taking us tonight.'
Hot to the Touch, Cold On the Inside
26.2%
'Put your hand between an aching head and an aching world, we'll make them so jealous.'
It's Not A Side Effect Of The Cocaine, I Am Thinking It Must Be Love
18.6%
Quiz Playlist
Details
Report
Send in Message
Add To Playlist
More Info:
Match the lyrics to the Fall Out Boy song.
Classic:
Type in answers that appear in a list
Last Updated: Feb 16, 2017
Quiz Scoreboard
CHALLENGE
Sign Up to Join the Scoreboard
Show All
Scores
Hide
Comments
May contain spoilers
Recently Published
Two Season TV Shows II
by 123Four
Television
10m
Image Sorting: Flags VI
by Barbecue
Geography
2m
Find the 'City' Movie
by crazypaving
Movies
60s
More to Explore
Quiz From the Vault
Featured Blog Post
14 Easter Pick-up Lines to Find Eggs With
hide this ad
You Might Also Like...
Tags
Lyrics Quiz
emo
Emo Band
Fall Out Boy
Matching
Pop Punk
Today's Top Quizzes in Music
Browse Music
hide this ad
Today's Top Quizzes in Lyrics
Browse Lyrics
Top Contributed Quizzes in Music
1
5X2 Blitz: Bands II
2
5X2 Blitz: The Beatles
3
Taylor Swift All Songs (2024)
4
5X2 Blitz: Billboard
5
5X2 Blitz: Billboard II
6
5X2 Blitz: Album
7
5X2 Blitz: Singers
8
5X2 Blitz: Rock
9
Music Artist by Three 2010s hits
10
5X2 Blitz: Lyrics
Explore More
Trending Topics
NBA
Kpop
Harry Potter
Anime
Disney
Marvel
Crossword
Pokémon
WWE
Puzzle
Country
The Office
Song
Soccer
NFL
hide this ad
More By:
caseymcdonald18
Quiz
Plays
Rating
Category
Featured
Created
Fall Out Boy Lyrics
435
5.00
Music
Jul 24, 2014
Go to Creator's Profile
Score Distribution
Quiz Creator Spotlight
caseymcdonald18
Follow
Send a Message
Quizzes Created
-
Created Quiz Play Count
-
More By This Creator
Popular Quizzes Today
1
Find the US States - No Outlines Minefield
2
Colored Red Africa Blitz
3
Find the 'City' Movie
4
5x2 Blitz: Bands
5
The Countries of the World
6
Find the Countries of Europe - No Outlines Minefield
7
Find the US States
8
US States
More Music Quizzes
Quick Pick: Lionel Richie Songs
Curator's Pick
Trending Quizzes
Colored Red Europe Blitz I
Colored Red Africa Blitz II
Colored Red Europe Blitz II
Colored Red Africa Blitz III
Colored Red Europe Blitz III
Recently Updated
How Do You Spell That?
pecheneg
Godzilla Movies
pecheneg
Grab Bag: 4-10 Letters
pecheneg
2024 March Madness Bracket
pecheneg
Famous TV Couples
Peacemaker
Champions League XIs: Real Madrid
pecheneg
Largest US Cities 1790-2010
pecheneg
Rides in Walt Disney World
pecheneg
Most Oscar Losses (Acting)
pecheneg
Beyoncé Albums
pecheneg
Trending Topics
Harry Potter
Kpop
NBA
Crossword
Anime
Disney
Marvel
Country
Soccer
The Office
Pokémon
Song
WWE
Puzzle
NFL
Your Account Isn't Verified!
In order to create a playlist on Sporcle, you need to verify the email address you used during registration. Go to your
Sporcle Settings
to finish the process.
Report this User
Report this user for behavior that violates our
Community Guidelines
.
Details:
Send Report
Go to the Sporcle.com Mobile Site →
Comments